000 00573cam a2200169 4500
001 3060
005 20181127170413.0
008 061220s2007 nju b 000 0 eng
010 _a 2006052674
100 1 _aGoffman, Erving.
245 1 0 _aAsylums :
_bessays on the social situation of mental patients and other inmates /
_cErving Goffman.
260 _aNew Brunswick, NJ :
_bAldine Transaction,
_cc2007.
300 _axiv, 386 p. ;
_c24 cm.
504 _aIncludes bibliographical references.
650 0 _aMentally ill.
650 0 _aPsychiatric hospitals
_xSociological aspects.
999 _c2461
_d2461